Montana Counties by Population - Statistics

General Stats
  • This quiz has been taken 57 times
  • The average score is 31 of 56
Answer Stats
Population County % Correct
167,146 Yellowstone
100%
122,713 Gallatin
96%
119,533 Missoula
96%
108,454 Flathead
88%
84,511 Cascade
83%
72,223 Lewis and Clark
83%
35,411 Silver Bow
79%
17,473 Park
75%
45,959 Ravalli
71%
32,033 Lake
67%
11,916 Custer
63%
16,179 Hill
63%
768 Treasure
63%
12,470 Jefferson
58%
20,525 Lincoln
58%
519 Petroleum
58%
12,957 Big Horn
54%
10,847 Carbon
54%
13,785 Glacier
54%
8,917 Madison
54%
12,959 Sanders
54%
9,044 Stillwater
54%
9,524 Beaverhead
50%
8,904 Dawson
50%
9,491 Deer Lodge
50%
11,617 Fergus
50%
831 Golden Valley
50%
11,283 Richland
50%
8,124 Rosebud
50%
6,980 Blaine
46%
7,288 Broadwater
46%
1,428 Carter
46%
5,916 Chouteau
46%
1,686 Daniels
46%
1,209 Garfield
46%
3,344 Granite
46%
2,044 Judith Basin
46%
1,718 McCone
46%
1,964 Meagher
46%
4,860 Mineral
46%
4,896 Musselshell
46%
4,192 Phillips
46%
5,994 Pondera
46%
6,999 Powell
46%
1,091 Prairie
46%
10,821 Roosevelt
46%
3,527 Sheridan
46%
3,723 Sweet Grass
46%
6,269 Teton
46%
5,011 Toole
46%
7,537 Valley
46%
2,059 Wheatland
46%
934 Wibaux
46%
3,017 Fallon
42%
1,946 Liberty
42%
1,702 Powder River
42%
No matching quizzes found
Score Distribution
Percent of People with Each Score
Percentile by Number Answered
Your Score History
You have not taken this quiz